BIBLIOTHÈQUE DE LA MAISON DU MEXIQUE

Logo 1 Logo 2

El maravilloso viaje de Nils Holgersson (notice nᵒ 11991)

détails MARC
000 -Sello discográfico
campo de control de longitud fija 00951nam a2200289 4500
005 - Identificación de versión
campo de control 20251016084837.0
035 ## - Otros números de control del sistema
Número de control del sistema 11432
099 ## - fechas locales
Tipo de ítem Koha LIBRO
100 ## - Datos de procesamiento general
Datos de procesamiento general 20041025d19731970m y1spay5003 ba
105 ## - Campo de datos codificados: Material textual, monográfico
Datos codificados de monografía y 001ay
200 1# - Título y mención de responsabilidad
Título propio El maravilloso viaje de Nils Holgersson
Designación general del material texto impreso
Primer mención de responsabilidad Selma Lagerlöff
Declaración de responsabilidad subsiguiente introducción Palma Guillén de Nicolau
205 ## - Declaración de edición
Declaración de edición 2a ed
210 ## - Publicación, distribución, etc.
Lugar de publicación, distribución, etc. México
Nombre del editor, distribuidor, etc. Editorial Porrúa
Fecha de publicación, distribución, etc. 1973
215 ## - Descripción física
Designación de material específico y extensión del ítem XXIX, 248 p
Dimensiones 22 cm
345 ## - Nota de información de adquisición
Fuente de adquisición/dirección de la suscripción [OBSOLETO] Donación
410 #1 - Series
Título Colección "Sepan Cuantos ..."
Número de volumen 155
606 ## - Término temático usado como materia
Elemento de entrada Novela sueca
Subdivisión cronológica Siglo XX
Número Koha 18602
700 ## - Nombre personal - Responsabilidad primaria
Elemento de entrada Lagerlöf
Parte del nombre distinta del elemento de entrada Selma Ottiliana Lovisa
Fechas 1858-1940
Número Koha 18603
702 ## - Nombre personal - Responsabilidad secundaria
Elemento de entrada Guillén y Sánchez de Nicolau
Parte del nombre distinta del elemento de entrada Palma
Fechas 1898-1975
Número Koha 13793
801 #0 - Fuente de origen
Agencia cm
900 ## -
-- 1/8427
900 ## -
-- 7100420193\251004
942 ## - ELEMENTOS DE ENTRADA SECUNDARIOS (KOHA)
Tipo de ítem Koha Livre
996 ## -
-- MEX
-- 751145101
-- MMAG
-- 012423
-- 080 S479 V.155
-- 20250210LIV
Exemplaires
Estatus retirado Estado de daño Estado de pérdida Fecha de adquisición Biblioteca de origen Biblioteca actual Ubicación en estantería Código de barras Precio de reemplazo Signatura topográfica completa No para préstamo Tipo de ítem Koha Nota pública Nota no pública
      05/08/2025 Casa México Paris Casa México Paris   012423 05/08/2025 080 S479 V.155   Livre 20250210LIV 751145101